000 00285nam a2200121Ia 4500
008 190216s9999||||xx |||||||||||||| ||und||
100 _aClifford Geertz
245 0 _aOld Socities And New States
260 _bAmerind Oub Co
_c1963
300 _a310p
650 _aEconomics
942 _cBK
999 _c9281
_d9281